00462nam a2200169Ia 4500003000400000005001700004008004100021020002000062040002900082050002200111100003300133245001900166260003100185300001100216650003400227650003100261OSt20240523084712.0230222s9999||||xx |||||||||||||| ||und|| a9780 07352071 1 cChuka University Library aRC 86.7bP37 2008 aWill Chapleau…[et al] 4aThe paramedic  a Boston bMcGrawhillc2008 a1426p. aEmergency Medical Technicians aEmergency Medical Services